| Tag |
First Indicator |
Second Indicator |
Subfields |
| LEADER |
00000cam a2200000Ka 4500 |
| 001 |
in00003436708 |
| 005 |
20151206101041.0 |
| 008 |
130227s2014 ne a 000 0 eng d |
| 015 |
|
|
|a GBB327389
|2 bnb
|
| 016 |
7 |
|
|a 016304288
|2 Uk
|
| 019 |
|
|
|a 832288173
|a 832313635
|
| 020 |
|
|
|a 9789063693121 (pbk.)
|
| 020 |
|
|
|a 9063693125 (pbk.)
|
| 029 |
1 |
|
|a NZ1
|b 15369920
|
| 035 |
|
|
|a (OCoLC)ocn832611258
|
| 035 |
|
|
|a (OCoLC)832611258
|
| 040 |
|
|
|a UKMGB
|b eng
|c UKMGB
|d OCLCO
|d BTCTA
|d YDXCP
|d PX0
|d OCLCF
|d UtOrBLW
|
| 049 |
|
|
|a TXAM
|
| 050 |
|
4 |
|a TK5105.888
|b .D398 2014
|
| 082 |
0 |
4 |
|a 006.7
|2 23
|
| 100 |
1 |
|
|a De Soto, Drew,
|e author.
|
| 245 |
1 |
0 |
|a Know your onions.
|p Web Design /
|c by Drew de Soto.
|
| 246 |
3 |
|
|a Web design :
|b know your onions
|
| 264 |
|
1 |
|a Amsterdam :
|b BIS,
|c [2014]
|
| 300 |
|
|
|a 212 pages :
|b illustrations (chiefly color) ;
|c 20 cm.
|
| 336 |
|
|
|a text
|b txt
|2 rdacontent
|
| 337 |
|
|
|a unmediated
|b n
|2 rdamedia
|
| 338 |
|
|
|a volume
|b nc
|2 rdacarrier
|
| 588 |
|
|
|a Cover title.
|
| 650 |
|
0 |
|a Web sites
|x Design.
|
| 650 |
|
7 |
|a Web sites
|x Design.
|2 fast
|0 (OCoLC)fst01173252
|
| 938 |
|
|
|a Baker and Taylor
|b BTCP
|n BK0012998336
|
| 938 |
|
|
|a YBP Library Services
|b YANK
|n 10357574
|
| 947 |
|
|
|a A14840694595
|
| 945 |
|
|
|a PromptCat
|b 767517
|
| 946 |
|
|
|a stk
|
| 948 |
|
|
|a Cataloged
|b h
|c 2014/5/22
|d c
|e APike
|
| 994 |
|
|
|a 92
|b TXA
|
| 999 |
|
|
|a MARS
|
| 999 |
f |
f |
|s 55bc7ac5-5795-3aa5-982a-dc1dcb62c414
|i 13785bc1-3db7-3bd9-9b70-a9e3054c1a7b
|t 0
|
| 952 |
f |
f |
|p normal
|a Texas A&M University
|b College Station
|c Sterling C. Evans Library
|d Evans: Library Stacks
|t 0
|e TK5105.888 .D398 2014
|h Library of Congress classification
|i unmediated -- volume
|m A14840694595
|
| 998 |
f |
f |
|a TK5105.888 .D398 2014
|t 0
|l Evans: Library Stacks
|